Production of ferroalloys (Record no. 548898)
[ view plain ]
| 000 -LEADER | |
|---|---|
| fixed length control field | 00613cam a2200169 4500 |
| 082 ## - DEWEY DECIMAL CLASSIFICATION NUMBER | |
| Classification number | 669.73 |
| Author Mark | RIS |
| -- | L-17, P-82 |
| 100 1# - MAIN ENTRY--PERSONAL NAME | |
| Personal name | Ryss, M. A. |
| 9 (RLIN) | 45351 |
| 245 10 - TITLE STATEMENT | |
| Title | Production of ferroalloys |
| Statement of responsibility, etc. | [by] M. Riss [and] Y. Khodorovsky. Translated from the Russian by I. V. Savin. |
| 260 ## - PUBLICATION, DISTRIBUTION, ETC. | |
| Place of publication, distribution, etc. | Moscow, |
| Name of publisher, distributor, etc. | Mir Publishers, |
| Date of publication, distribution, etc. | 1967. |
| 300 ## - PHYSICAL DESCRIPTION | |
| Extent | 289 p. |
| Other physical details | illus. |
| Dimensions | 22 cm. |
| 500 ## - GENERAL NOTE | |
| General note | Translation of Proizvodstvo ferrosplavov. |
| 526 ## - STUDY PROGRAM INFORMATION NOTE | |
| Program name | 0 |
| Interest level | 0 |
| Reading level | 0 |
| Title point value | 669_730000000000000_RIS |
| 650 #0 - SUBJECT ADDED ENTRY--TOPICAL TERM | |
| Topical term or geographic name entry element | Iron alloys. |
| 9 (RLIN) | 45352 |
| 650 #0 - SUBJECT ADDED ENTRY--TOPICAL TERM | |
| Topical term or geographic name entry element | Metallurgical plants. |
| 9 (RLIN) | 25757 |
| 700 1# - ADDED ENTRY--PERSONAL NAME | |
| Personal name | Khodorovskiĭ, I͡A︡kov Naumovich, |
| 9 (RLIN) | 45353 |
| 942 ## - ADDED ENTRY ELEMENTS (KOHA) | |
| Source of classification or shelving scheme | |
| Koha item type | Book |
| Withdrawn status | Lost status | Source of classification or shelving scheme | Damaged status | Not for loan | Permanent Location | Current Location | Date acquired | Total Checkouts | Full call number | Barcode | Date last seen | Price effective from | Koha item type |
|---|---|---|---|---|---|---|---|---|---|---|---|---|---|
| Military College of Engineering (MCE) | Military College of Engineering (MCE) | 09/10/2014 | 669.73 RIS | MCE-3482 | 09/10/2014 | 09/10/2014 | Book |
